Đại Nam nhất thống chí

Đã lưu trong:
书目详细资料
格式: 图书
标签: 添加标签
没有标签, 成为第一个标记此记录!
Thư viện lưu trữ: Mạng thư viện Đại học Đà Nẵng
LEADER 00471nam a2200193 4500
001 000014036
003 10389
005 20150812150807.0
008 120328s sd
245 0 0 |a Đại Nam nhất thống chí 
774 |g Tập 5  |w 10393 
OWN |a LSP 
999 |a From the UDN01 
TYP |a Monograph 
TYP |a Printed language 
980 |a Mạng thư viện Đại học Đà Nẵng